DPH a daňové proznanie

Uplatňovanie zákona o DPH vo vybraných okruhoch služieb a tovaru po vstupe SR do Európskej únie ukázané na príkladoch. Príklad vyplneného súhrnného výkazu a daňového priznania. Zmeny aj v zdaňovaní príjmov zo závislej činnosti.

Na minha lista:
Detalhes bibliográficos
Autor principal: Síkorová, Jaroslava
Formato: Capítulo de Livro
Idioma:eslovaco
Assuntos:
Tags: Adicionar Tag
Sem tags, seja o primeiro a adicionar uma tag!

MARC

LEADER 00000naa$a2200000$$$4500
001 0010128
005 20230919094127.7
041 0 |a slo 
044 |a SK 
245 1 0 |a DPH a daňové proznanie  |c aut. Jaroslava Síkorová 
520 |a Uplatňovanie zákona o DPH vo vybraných okruhoch služieb a tovaru po vstupe SR do Európskej únie ukázané na príkladoch. Príklad vyplneného súhrnného výkazu a daňového priznania. Zmeny aj v zdaňovaní príjmov zo závislej činnosti. 
610 2 0 |a dane z hodnoty pridanej 
610 2 0 |a priznania daňové 
100 1 |a Síkorová, Jaroslava